| 000 | 00418nam a2200157Ia 4500 | ||
|---|---|---|---|
| 008 | 151213s9999 xx 000 0 und d | ||
| 100 | _aRechard I. Levin & Rubin | ||
| 245 |
_aStatistics for management _cRechard I. Levin & Rubin |
||
| 250 | _a7th | ||
| 260 |
_aNew Delhi _bPrentice hall _c2000 |
||
| 300 | _a676 p. | ||
| 650 | _aStatistics | ||
| 650 | _aStatistics | ||
| 700 | _aRechard I. Levin & Rubin | ||
| 999 |
_c934 _d934 |
||